000 01596nam0a22003251 4500
001 rc\125318
005 20260406150356.0
035 _a(NLR Aleph) 008746566
090 _a9553477
_c9553477
100 _a20021216d1991 |||y0rusy50 ca
101 0 _arus
_aeng
102 _aRU
105 _aa |||||||||
200 1 _aСообщение о научных работах по океанографии 1987-1990
_dReport on scientific activity in oceanography 1987-1990
_eПредставляется в Междунар. ассоц. физ. наук об океане к XX Генер. ассамблее междунар. геодез. и геофиз. союза
_fАН СССР. Сов. геофиз. ком.
_g[Отв. ред. Р.В. Озмидов]
210 _aМ.
_cВИНИТИ
_d1991
215 _a168 с.
_cил.
_d21
300 _aТекст на англ. яз.
320 _aБиблиогр. в тексте
510 0 _aReport on scientific activity in oceanography 1987-1990
605 _aReport on scientific activity in oceanography
_2psbo
606 1 _aОкеанология
_xНаучно-исследовательская работа
_yСССР
_2nlr_sh1
702 1 _aОзмидов
_bР.В.
_gРостислав Всеволодович
_4340
712 0 2 _4570
_aМеждународная ассоциация физических наук об океане
_3RU\NLR\AUTH\889925823
_9347460
801 0 _aRU
_bNLR
_gpsbo
801 1 _aRU
_bELAR
_2rusmarc
801 2 _aRU
_bNLR
_c20050427
_2rusmarc
852 _aNLR
_j91-5/3535
942 _cBOOK
980 _aNB